| 000 | 00606nam 22001933 4500 | ||
|---|---|---|---|
| 001 | 201843 | ||
| 090 | _a201843 | ||
| 100 | _a20260420d u||y0pory50 ba | ||
| 200 |
_aA épica medieval portuguesa _fAntonio José Saraiva |
||
| 205 | _a1ª | ||
| 210 |
_a[Lisboa] _cInstituto de Cultura e Língua Portuguesa _d1979 |
||
| 215 |
_a95 p. _cbrochado _d20 cm |
||
| 225 |
_aBiblioteca breve. Série literatura _h29 |
||
| 606 |
_93661 _aCrítica Literária.Estudos Literários |
||
| 675 |
_a82.09 _vPT _zpor |
||
| 700 |
_91768 _aSaraiva _bAntónio José _f1917-1993 |
||
| 801 |
_aPT _bBMMN _gRPC |
||
| 830 | _cVanda | ||
| 990 | _cLIVROS | ||